Normal view
MARC view
- Darukhanawala A.J. (Editor)
Entry Personal Name
001 - CONTROL NUMBER
- control field: 194547
003 - CONTROL NUMBER IDENTIFIER
- control field: OSt
005 - DATE AND TIME OF LATEST TRANSACTION
- control field: 20230714214409.0
008 - FIXED-LENGTH DATA ELEMENTS
- fixed length control field: 230714|| aca||aabn | a|a d
040 ## - CATALOGING SOURCE
- Original cataloging agency: OSt
- Transcribing agency: OSt
100 ## - HEADING--PERSONAL NAME
- Personal name: Darukhanawala A.J. (Editor)
670 ## - SOURCE DATA FOUND
- Source citation: Work cat.: (OSt)208013: Darukhanawala A.J. (Editor), Zig Wheels Auto Tech